000 00616nam a22001937a 4500
999 _c17337
_d17337
003 AR-CdUCM
008 190313b ||||| |||| 00| 0 eng d
040 _aMUNICIPALIDAD PROVINCIAL DEL CUSCO
_cBIBLIOTECA MUNICIPAL DEL CUSCO
082 _a868.65 /
_bG22
100 _aGarcía Lorca, Federico
_96798
245 _aDoña Rosita :
_bLa soltera o el lenguaje de las flores /
260 _aBuenos Aires :
_bLosada,
_c1952.
300 _a127 páginas ;
_c18 cm.
505 _aContenido :Poemas ...
650 _aLiteratura española
_9362
650 _aSiglo XX
_98
942 _2ddc
_cLIBROS
945 _arum
_d2019-05-08